El ingenioso hidalgo Don Quijote de la Mancha (Registro nro. 19546)

Detalles MARC
000 -CABECERA
Longitud fija campo de control 00549nam a2200181 c 4500
003 - IDENTIFICADOR DELl NÚMERO DE CONTROL
Identificador del número de control OSt
005 - FECHA Y HORA DE LA ÚLTIMA TRANSACCIÓN
Fecha y hora de la última transacción 20160113153438.0
008 - CÓDIGOS DE INFORMACIÓN DE LONGITUD FIJA
Códigos de información de longitud fija 141029s1956 sp a | |||| 000 f spa
040 ## - FUENTE DE LA CATALOGACIÓN
Centro transcriptor BMC
082 ## - NÚMERO DE LA CLASIFICACIÓN DECIMAL DEWEY
Númeroo de clasificación 863
100 1# - PUNTO DE ACCESO PRINCIPAL-NOMBRE DE PERSONA
Nombre de persona Cervantes Saavedra, Miguel
9 (RLIN) 63
Fechas asociadas al nombre 1547-1616
245 13 - MENCIÓN DE TÍTULO
Título El ingenioso hidalgo Don Quijote de la Mancha
Número de parte o sección de la obra 1ª y 2ª parte
Mención de responsabilidad, etc. Miguel de Cervantes Saavedra
260 ## - PUBLICACIÓN, DISTRIBUCIÓN, ETC. (PIE DE IMPRENTA)
Lugar de publicación, distribución, etc. Buenos Aires [etc.]
Nombre del editor, distribuidor, etc. W.M. Jackson
Fecha de publicación, distribución, etc. 1956
300 ## - DESCRIPCIÓN FÍSICA
Extensión 2 V.
Dimensiones 20 cm
490 ## - MENCIÓN DE SERIE
Mención de serie Clásicos Jackson
Designación de volumen o secuencia 6, 7
650 24 - PUNTO DE ACCESO ADICIONAL DE MATERIA - TÉRMINO DE MATERIA
9 (RLIN) 29289
Término de materia o nombre geográfico como elemento inicial Novela española
942 ## - ENTRADA DE ELEMENTOS AGREGADOS (KOHA)
Fuente de clasificaión o esquema Dewey Decimal Classification
Koha [por defecto] tipo de item 1- Monografias
Existencias
Suprimido Perdido Fuente de clasificación o esquema Estropeado Restricciones de uso No para préstamo Código de colección Localización permanente Localización actual Localización en estanter&íacute;as Fecha adquisición Fuente de adquisición Número de inventario Préstamos totales Signatura completa Código de barras Fecha última consulta Coste, precio reemplazado Fecha del precio de reemplazo Tipo de item de Koha Fecha último préstamo
NULL NULL Dewey Decimal Classification NULL Prestable NULL NULL Biblioteca Miguel de Cervantes - UNICAES Biblioteca Miguel de Cervantes - UNICAES Sala Principal 14/03/2015 Donación - Marco Rene Revelo 029003   N CER ing (v. 1) 1029622 14/03/2015 7.85 14/03/2015 1- Monografias  
NULL NULL Dewey Decimal Classification NULL Prestable NULL NULL Biblioteca Miguel de Cervantes - UNICAES Biblioteca Miguel de Cervantes - UNICAES Sala Principal 23/03/2015 Donación - Marco Rene Revelo 029371 1 N CER ing (v. 2) 1030024 06/11/2015 7.85 23/03/2015 1- Monografias 05/11/2015